Teoría de la vida moral / (Record no. 55768)

MARC details
000 -LEADER
campo de control de longitud fija 00635nam a2200193 i 4500
001 - NÚMERO DE CONTROL
campo de control 55768
003 - IDENTIFICADOR DE NÚMERO DE CONTROL
campo de control ES-MaACL
005 - FECHA Y HORA DE LA ÚLTIMA TRANSACCIÓN
campo de control 20230906163221.0
007 - CAMPO FIJO DE DESCRIPCIÓN FÍSICA--INFORMACIÓN GENERAL
campo de control de longitud fija t|
008 - DATOS DE LONGITUD FIJA--INFORMACIÓN GENERAL
campo de control de longitud fija 030926s1965 mx ||||1| spa d
100 1# - ENTRADA PRINCIPAL--NOMBRE DE PERSONA
Nombre de persona Dewey, John.
9 (RLIN) 44039
245 10 - MENCIÓN DEL TÍTULO
Título Teoría de la vida moral /
Mención de responsabilidad, etc. por John Dewey ; prefacio de Arnold Isenberg ; [traducción al español de Rafael Castillo Dibildox].
250 ## - MENCION DE EDICION
Mención de edición 1ª ed. en español.
260 ## - PUBLICACIÓN, DISTRIBUCIÓN, ETC.
Lugar de publicación, distribución, etc. México :
Nombre del editor, distribuidor, etc. Herrero Hermanos,
Fecha de publicación, distribución, etc. [1965]
300 ## - DESCRIPCIÓN FÍSICA
Extensión 213 p. ;
Dimensiones 22 cm.
700 1# - ENTRADA AGREGADA--NOMBRE PERSONAL
Nombre de persona Isenberg, Arnold.
9 (RLIN) 65553
700 1# - ENTRADA AGREGADA--NOMBRE PERSONAL
Nombre de persona Castillo Dibildox, Rafael.
9 (RLIN) 36737
852 ## - LOCALIZACIÓN
Ubicación ES-MaACL
Número de control de estantería C-28880
Sublocalización o colección R.58267
Holdings
Estatus retirado Estado de pérdida Estado de daño No para préstamo Biblioteca de origen Biblioteca actual Ubicación en estantería Fecha de adquisición Fuente de adquisición Total de préstamos Signatura topográfica completa Código de barras Visto por última vez Precio de reemplazo Tipo de ítem Koha
        Biblioteca del Ateneo de Madrid Biblioteca del Ateneo de Madrid Depósito 2 17/01/2008     C-28880 1058582 23/02/2023 23/02/2023 Libro impreso